U.S. 119th Senate Committees' Chairs - Statistics

General Stats
  • This quiz has been taken 30 times
  • The average score is 19 of 25
Answer Stats
Hint Answer % Correct
Chair of Health, Education, Labor, and Pensions Bill Cassidy
100%
Chair of Caucus on International Narcotics Control John Cornyn
100%
Chair of Homeland Security and Governmental Affairs Rand Paul
89%
Chair of Armed Services Roger Wicker
89%
Chair of Commerce, Science, and Transportation Ted Cruz
89%
Chair of Banking, Housing, and Urban Affairs Tim Scott
89%
Chair of Intelligence Tom Cotton
89%
Chair of Judiciary Chuck Grassley
78%
Chair of Agriculture, Nutrition, and Forestry John Boozman
78%
Chair of Budget Lindsey Graham
78%
Chair of Finance Mike Crapo
78%
Chair of Joint Committee on Taxation Mike Crapo
78%
Chair of Rules and Administration Mitch McConnell
78%
Chair of Joint Committee on Printing Mitch McConnell
78%
Vice Chair of Joint Committee on the Library Mitch McConnell
78%
Chair of Aging Rick Scott
78%
Chair of Appropriations Susan Collins
78%
Chair of Ethics James Lankford
67%
Chair of Foreign Relations James Risch
67%
Chair of Veterans' Affairs Jerry Moran
67%
Chair of Small Business and Entrepreneurship Joni Ernst
67%
Chair of Indian Affairs Lisa Murkowski
67%
Chair of Energy and Natural Resources Mike Lee
67%
Vice Chair of Joint Economic Committee Eric Schmitt
44%
Chair of Environment and Public Works Shelley Moore Capito
44%
No matching quizzes found
Score Distribution
Percent of People with Each Score
Percentile by Number Answered
Your Score History
You have not taken this quiz